Ο Ηράκλειτος και η διαλεκτική φιλοσοφική σκέψη
Αποθηκεύτηκε σε:
| Κύριος συγγραφέας: | |
|---|---|
| Μορφή: | Βιβλίο |
| Γλώσσα: | Greek |
| Δημοσίευση: |
Αθήνα :
Αιχμή,
1984.
|
| Θέματα: | |
| Ετικέτες: |
Προσθήκη ετικέτας
Δεν υπάρχουν, Καταχωρήστε ετικέτα πρώτοι!
|
MARC
| LEADER | 00000nam a2200000 a 4500 | ||
|---|---|---|---|
| 001 | 1/126811 | ||
| 008 | 230607t1984####gr | ||| |||| ||gre|| | ||
| 040 | |a GR-MyUa |b gre |c GR-MyUa |e AACR2 | ||
| 041 | 0 | |a gre | |
| 082 | 7 | |a 182.4 |2 (23) | |
| 100 | 1 | |a Φαράντος, Γεώργιος Δ. | |
| 245 | 1 | 2 | |a Ο Ηράκλειτος και η διαλεκτική φιλοσοφική σκέψη / |c Γεώργιος Δ. Φαράντος. |
| 260 | |a Αθήνα : |b Αιχμή, |c 1984. | ||
| 300 | |a 278 σ. ; |c 21 εκ. | ||
| 600 | 0 | 0 | |a Ηράκλειτος, |d π. 540-π. 480. |
| 650 | 0 | |a Philosophy, Ancient | |
| 650 | 0 | |a Dialectic | |
| 650 | 0 | |a Pre-Socratic philosophers | |
| 852 | |a INST |b SAMOS |e 20230607 |h 182.4 ΦΑΡ |p 005300047946 |q 005300047946 |t BK |y 0 | ||
| 970 | |a Γουβάλα |b Βάσω |z 07-06-2023 | ||